hunter x hunter characters - Statistics

General Stats
  • This quiz has been taken 193 times
  • The average score is 5 of 6
Answer Stats
Hint Answer % Correct
main character gon
100%
bubble gum hisoka
99%
murderer killua
94%
only money leorio
94%
boss chrollo
81%
jail kurapika
81%
No matching quizzes found
Score Distribution
Percent of People with Each Score
Percentile by Number Answered
Your Score History
You have not taken this quiz